00844nam a2200241Ia 4500008004100000020001800041082002600059100003600085100003800121100003800159245006700197260005100264260001800315260000900333300000900342500000800351650001500359650002500374650003000399942001500429999001700444952014100461260428s9999 xx 000 0 und d a9789567684342 a342.25 V945c 2021 HNA aBravo, Nicolás, editor935800 aSilva, Ana María, editor935801 avon Baer, Heinrich, editor935585 0aNueva constitución: descentralización con participación. aFundación Chile Descentralizado Desarrollado bTemuco, Chile c2021 a53p. aHNA aChile9121 aConstitución92299 aDescentralización93722 cLIBRO2ddc c20439d20439 00102ddc40708CGaBCbBCd2025-08-30eDonación Humberto Nogueiral0o342.25 V945c 2021 HNAp27563r2026-05-08t1w2026-05-08yLIBRO